000 00907nam0a2200265 4500
001 RU\NLR\ONL1\19711
005 20260406072236.0
035 _a(NLR Aleph) 009648447
090 _a9569017
_c9569017
100 _a20120504d1972 |||y0rusy50 ca
101 0 _akom
102 _aRU
105 _ay |||||||||
200 1 _aМенам улича
_eкывбуръяс
_fВасилий Лодыгин
210 _aСыктывкар
_cКоми кн. изд-во
_d1972
215 _a71 с.
_d13
541 1 _aМоя улица
_eстихотворения
_zrus
686 1 _aШ6(2=Ко)7-5
700 1 _4070
_8rus
_7ca
_cкоми писатель
_aЛодыгин
_bВ. Г.
_f1947-
_gВасилий Григорьевич
_3RU\NLR\auth-onl\7754
_9130114
801 0 _aRU
_bNLR
_c20120504
_gPSBO
852 _aNLR
_bОНЛ
_jКоми-з./1-376
942 _cBOOK
980 _aNB